| 000 | 00666nam a22002057a 4500 | ||
|---|---|---|---|
| 005 | 20240923152711.0 | ||
| 010 | _aENG-141379 | ||
| 020 |
_a9780070702882 _c499.00 |
||
| 035 | _aEN-124911 | ||
| 037 | _bDBAD | ||
| 082 |
_a000 _22 |
||
| 100 |
_aHusain, Majid _971883 |
||
| 245 |
_aUnderstanding Geographical Map Entries/ _cBy Majid Husain |
||
| 250 | _a2 | ||
| 260 |
_bMcGraw Hill Education India Pvt Limited _c2011 _aChennai |
||
| 270 |
_a444/1, Sri Ekambara Naicker Industrial Estate, Alapakkam _bChennai _e600116 |
||
| 300 |
_aVarious Pages _c24c(pbk) _bill. |
||
| 500 | _aFor Civil Services Examination | ||
| 942 |
_2ddc _cEN _h000 _mHUS _e2 |
||
| 999 |
_c205216 _d205216 |
||